Gulls, Terns, Skimmers, and Jaegers of North America - Statistics

General Stats
  • This quiz has been taken 10 times
  • The average score is 33 of 44
Answer Stats
Picture Answer % Correct
Bonaparte's Gull
100%
Heermann's Gull
100%
Laughing Gull
100%
Sabine's Gull
100%
Black-Legged Kittiwake
88%
California Gull
88%
Common Tern
88%
Franklin's Gull
88%
Herring Gull
88%
Least Tern
88%
Pomarine Jaeger
88%
Red-Legged Kittiwake
88%
Ring-Billed Gull
88%
Ross's Gull
88%
Black-Headed Gull
75%
Black Skimmer
75%
Caspian Tern
75%
Forster's Tern
75%
Great Black-Backed Gull
75%
Great Skua
75%
Gull-Billed Tern
75%
Ivory Gull
75%
Lesser Black-Backed Gull
75%
Little Gull
75%
Long-Tailed Jaeger
75%
Parasitic Jaeger
75%
Sandwich Tern
75%
South Polar Skua
75%
Arctic Tern
63%
Black Tern
63%
Bridled Tern
63%
Elegant Tern
63%
Glaucous Gull
63%
Glaucous-Winged Gull
63%
Iceland Gull
63%
Mew Gull
63%
Roseate Tern
63%
Royal Tern
63%
Slaty-Backed Gull
63%
Sooty Tern
63%
Western Gull
63%
Yellow-Footed Gull
63%
Brown Noddy
50%
Aleutian Tern
25%
No matching quizzes found
Score Distribution
Percent of People with Each Score
Percentile by Number Answered
Your Score History
You have not taken this quiz